Inovačná stratégia ako predpoklad konkurencieschopnosti na medzinárodnom trhu diplomová práca

Salvato in:
Dettagli Bibliografici
Autore principale: Veliká, Andrea
Ente Autore: Podnikovohospodárska fakulta EU so sídlom v Košiciach. Katedra obchodného podnikania
Altri autori: Mihalčová, Bohuslava, 1963-
Natura: Libro
Lingua:slovacco
Pubblicazione: Košice 2016
Tags: Aggiungi Tag
Nessun Tag, puoi essere il primo ad aggiungerne!!

MARC

LEADER 00000nbm a2200000 4500
001 0217521
005 20161219132502.1
041 0 |a slo 
044 |a SK 
245 1 0 |a Inovačná stratégia ako predpoklad konkurencieschopnosti na medzinárodnom trhu  |b diplomová práca  |c Andrea Veliká ; školiteľ: Bohuslava Mihalčová 
264 1 |a Košice  |c 2016 
300 |a 93 s. 
100 1 |a Veliká, Andrea 
700 1 |a Mihalčová, Bohuslava, 1963- 
710 2 |a Podnikovohospodárska fakulta EU so sídlom v Košiciach. Katedra obchodného podnikania